Famous Nines Quiz Stats

 Plays Quiz Updated Jan 25, 2019

Support Sporcle.
Go Orange.
Score 0/81 Timer 09:00
0 Plays Today
% Correct
Pool Ball ColorsRed
96.7%
Pool Ball ColorsBlack
96.3%
Pool Ball ColorsGreen
96.2%
Pool Ball ColorsBlue
95.7%
Pool Ball ColorsYellow
95.7%
Pool Ball ColorsPurple
93.9%
Pool Ball ColorsWhite
92.3%
Pool Ball ColorsOrange
91.7%
Santa's ReindeerRudolph
90.4%
Baseball PositionsPitcher
88.5%
Santa's ReindeerBlitzen
86%
Baseball PositionsFirst Base
85.6%
Baseball PositionsSecond Base
85.5%
Santa's ReindeerDancer
85.4%
Baseball PositionsThird Base
85.3%
Santa's ReindeerPrancer
84.8%
Baseball PositionsCatcher
84.6%
Santa's ReindeerDonner
84.1%
Rooms in ClueKitchen
81.6%
Santa's ReindeerVixen
79.7%
Santa's ReindeerCupid
79.5%
Santa's ReindeerDasher
79.3%
Baseball PositionsShortstop
79%
Santa's ReindeerComet
78.9%
Baseball PositionsLeft Field
76.2%
Baseball PositionsRight Field
76.1%
Baseball PositionsCenter Field
72.5%
% Correct
Members of the Fellowship of the RingFrodo Baggins
71.5%
Pool Ball ColorsMaroon
70.1%
Rooms in ClueLibrary
65.3%
Members of the Fellowship of the RingSamwise Gamgee
60%
Rooms in ClueDining Room
58.8%
Rooms in ClueHall
57.9%
Brady Bunch Household MembersMarcia Brady
57.3%
Brady Bunch Household MembersJan Brady
56.6%
Members of the Fellowship of the RingGandalf
55.3%
Brady Bunch Household MembersGreg Brady
52.5%
Brady Bunch Household MembersCindy Brady
51.9%
Baltic Sea CountriesRussia
51.1%
Rooms in ClueStudy
50.9%
Members of the Fellowship of the RingLegolas
50.4%
Brady Bunch Household MembersBobby Brady
50.2%
Brady Bunch Household MembersAlice Nelson
50.1%
Brady Bunch Household MembersPeter Brady
49%
Members of the Fellowship of the RingAragorn
47.7%
Baltic Sea CountriesFinland
47.4%
Baltic Sea CountriesSweden
47.1%
Members of the Fellowship of the RingPeregrin Took
46.1%
Baltic Sea CountriesLatvia
45.8%
Members of the Fellowship of the RingMeriadoc Brandybuck
45.4%
Rooms in ClueConservatory
45.3%
Members of the Fellowship of the RingGimli
44.8%
Baltic Sea CountriesEstonia
44.2%
Baltic Sea CountriesDenmark
44.1%
% Correct
Baltic Sea CountriesLithuania
44%
Baltic Sea CountriesPoland
44%
Baltic Sea CountriesGermany
42.4%
Brady Bunch Household MembersMike Brady
40.5%
Brady Bunch Household MembersCarol Brady
39.9%
Members of the Fellowship of the RingBoromir
38.2%
Rooms in ClueBilliard Room
37.2%
Rooms in ClueBallroom
34.4%
Rooms in ClueLounge
29%
US Supreme Court MembersClarence Thomas
27.6%
US Supreme Court MembersNeil Gorsuch
24.7%
US Supreme Court MembersJohn G. Roberts, Jr
24.6%
US Supreme Court MembersAmy Coney Barrett
22%
US Supreme Court MembersSonia Sotomayor
19.6%
US Supreme Court MembersBrett Kavanaugh
17.3%
US Supreme Court MembersSamuel A. Alito, Jr.
15.4%
US Supreme Court MembersElena Kagan
13.6%
Greek MusesErato
11.8%
Greek MusesCalliope
9.2%
US Supreme Court MembersStephen G. Breyer
9%
Greek MusesClio
8.3%
Greek MusesTerpsichore
5.6%
Greek MusesThalia
5.3%
Greek MusesUrania
4.2%
Greek MusesEuterpe
3.9%
Greek MusesMelpomene
3.5%
Greek MusesPolyhymnia
3.3%

You're not logged in!

Compare scores with friends on all Sporcle quizzes.
OR
Log In
Forgot?

From the Vault

Indefinite Definitions II

by metashades

When you're a word with multiple definitions, it all comes down to context.
Remove Ads.
Support Sporcle.
Get the best of Sporcle when you Go Orange. This ad-free experience offers more features, more stats, and more fun while also helping to support Sporcle. Thank you for becoming a member.

Show Comments

Extras

Top Quizzes Today


Score Distribution

Your Account Isn't Verified!

In order to create a playlist on Sporcle, you need to verify the email address you used during registration. Go to your Sporcle Settings to finish the process.

Report this User

Report this user for behavior that violates our Community Guidelines.

Details: